| 000 | 01076nam a2200313 a 4500 | ||
|---|---|---|---|
| 001 | BRL_398 | ||
| 005 | 20190320210725.0 | ||
| 008 | 060813s1988----mx-#######---#000-0#spa-# | ||
| 020 | _a968627104X | ||
| 041 | _aspa | ||
| 044 | _amx | ||
| 050 | 4 |
_aJV7402.M49 _b.M37 1988 |
|
| 100 | 1 |
_aMartínez Montiel, Luz María _923782 |
|
| 245 | 1 | 0 |
_aLa gota de oro _cLuz María Martínez Montiel |
| 260 |
_aMéxico, Veracruz _bInstituto Veracruzano de Cultura _c1988 |
||
| 300 |
_a141 p. _c21 cm. |
||
| 440 | 0 |
_aEstudios Étnicos _923783 |
|
| 500 | _aAu404 | ||
| 504 | _aBibliografía: p. 131-141 | ||
| 650 | 1 | 4 |
_aEmigración e inmigración _zMéxico _923784 |
| 650 | 1 | 4 |
_aPluralismo (Ciencias sociales) _xHistoria _zMéxico _923785 |
| 650 | 1 | 4 |
_aPluralismo (Ciencias sociales) _xHistoria _zAmérica Latina _923786 |
| 650 | 1 | 4 |
_aNegros _xHistoria _zMéxico _923787 |
| 650 | 1 | 4 |
_aLibaneses en México _xHistoria _923788 |
| 650 | 1 | 4 |
_aJudíos _xHistoria _zMéxico _922796 |
| 740 | 0 | _aLa gota de oro : migración y pluralismo étnico en América Latina | |
| 902 | _aGRL | ||
| 942 |
_2lcc _cB |
||
| 999 |
_c9211 _d9211 |
||